000 00573nam a22001937a 4500
003 0
005 20240430142407.0
008 240430b xxu||||| |||| 00| 0 eng d
020 _a978-0-141-34680-9
050 _aFIC
_bR48 2013
082 _aFIC
_bR48 2013
100 _aRiordan, Rick
245 _aPercy Jackson and the lightning thief
_cRick Riordan
260 _aLondon
_bPuffin Books ; Penguin Random House
_c2013
300 _a375 pages ;
_c20cm.
650 _aMythology, Greek -- Fiction
650 _aAnimals, Mythical -- Juvenile fiction.
942 _2ddc
_cBK
999 _c365968
_d365968